• 首页
  • 本馆介绍
  • 公告通知
  • 最新文献
  • 馆藏检索
  • 电子资源
  • 读者导购
  • 参考咨询
  • 我的图书馆
  • 登录
  • 详细信息显示
  • 放入我的书架
  • 预约/预借图书
  • 作者相关作品
  • 分类相关作品
  • 丛书相关作品
  • 出版社相关作品

书目信息

  • 表格格式
  • 工作单格式
  • 卡片格式
题名:
乳制品安全生产与品质控制
    
 
作者: 阮征 主编 ;成坚 编
分册:  
出版信息: 北京   化学工业出版社  2005
页数: 374页
开本: 26cm
丛书名: 食品放心工程丛书
单 册:
中图分类: TS252.4
科图分类:
主题词: 乳制品--质量控制 , 乳制品--安全生产
电子资源:
ISBN: 7-5025-6385-7
000 01102oam2 2200301 45
001 060000032910
005 20051213101631.18
010    @a7-5025-6385-7@dCNY38.00
092    @aCN
100    @a20050614d2005 ekmy0chiy0120 ea
101 0  @achi
102    @aCN@b110000
105    @ay az 000yy
200 1  @a乳制品安全生产与品质控制@9ru zhi pin an quan sheng chan yu pin zhi kong zhi@f阮征主编@Fruan zheng zhu bian@g成坚编
210    @a北京@c化学工业出版社@d2005
215    @a374页@d26cm
225 2  @a食品放心工程丛书
320    @a有书目:第273-274页
330    @a本书包括绪论,乳制品生产原理辅材料的品质与卫生安全,乳制品生产常见加工技术与设备,生鲜牛乳的安全生产与质量保证,原料乳的验收与预处理,乳制品的质量标准和品质控制,乳制品HACCP体系的建立与实施,乳制品贮运销售过程的卫生安全与质量保证等等内容。
410  0 @12001 @a食品放心工程丛书
606 0  @a乳制品@x质量控制
606 0  @a乳制品@x安全生产
690    @aTS252.4@v4
701  0 @a阮征@Aruan zheng@4主编
702  0 @a成坚@Acheng jian@4编
801  0 @aCN@bCXYBOOK@c20051213
905    @a10447@dTS252.4@e40
999    @aWJ@eDF
    
    乳制品安全生产与品质控制/阮征主编/成坚编.-北京:化学工业出版社,2005
    374页;26cm.-(食品放心工程丛书)
    
    
    ISBN 7-5025-6385-7:CNY38.00
    本书包括绪论,乳制品生产原理辅材料的品质与卫生安全,乳制品生产常见加工技术与设备,生鲜牛乳的安全生产与质量保证,原料乳的验收与预处理,乳制品的质量标准和品质控制,乳制品HACCP体系的建立与实施,乳制品贮运销售过程的卫生安全与质量保证等等内容。
●
相关链接 在E读中查询图书 在五车中查询图书 在当当中查询图书 在豆瓣中查询图书


正题名:乳制品安全生产与品质控制     索取号:TS252.4/40         预约/预借

序号 登录号 条形码 馆藏地/架位号 状态 备注
1 0371133   203711331   第二样本阅览室/ [索取号:TS252.4/40] 在馆    
2 0371134   203711340   第三借阅区/ [索取号:TS252.4/40] 在馆    
3 0371135   203711359   第三借阅区/ [索取号:TS252.4/40] 在馆    
唐山师范学院图书馆 欢迎您!
大连网信软件有限公司© 版权所有